000 00548nam a2200181 a 4500
001 000045291
005 20201002050033.0
008 150225s2011 mx a 000 0 spa d
020 _a9786077666141
040 _aDO-SdBNP
_bspa
_cBNPHU
082 _axxxx
_bxxxx
245 0 3 _aEl mundo mágico de las hadas /
_ccompilación ; Victor Hugo Dantés.
260 _aMéxico :
_bLeyenda,
_c2011.
300 _a94 p. :
_bil. ;
_c21 cm.
490 1 _aEdiciones Leyenda
700 1 2 _aDantés, Víctor Hugo,
_ecomp.
_973314
830 0 _aEdiciones Leyenda
_973315
999 _c44780
_d44780